| 000 | 00511nam a22001697a 4500 | ||
|---|---|---|---|
| 003 | BD-DhUL | ||
| 005 | 20170716120339.0 | ||
| 008 | 170320s1956 ||||| |||| 00| 0 ara d | ||
| 040 |
_aBD-DhUL _cBD-DhUL |
||
| 082 |
_a349.9569 _bSUM |
||
| 100 | 0 | _aصبحی المحمصانی | |
| 245 | 1 | 0 |
_aمحاضرات فی القانون المدنی البنانی / _cصبحی المحمصانی |
| 260 |
_a: _b، _c۱۹۵۶۔ |
||
| 300 |
_aص۔ ۵۹ ؛ _c۲۴ سم۔ |
||
| 650 | 0 | _aLaw - Saud Arabia | |
| 942 |
_2ddc _cBK |
||
| 999 |
_c211324 _d211324 |
||